[Event "Olympiad-25"]
[Site "Luzern"]
[Date "1982.11.05"]
[Round "6"]
[White "Gonzales, Eliseo"]
[Black "Hebert, Jean"]
[Result "0-1"]
[WhiteElo "2260"]
[BlackElo "2425"]
[PlyCount "40"]
[GameId "1114898404003840"]
[EventDate "1982.10.30"]
[EventType "team-swiss"]
[EventRounds "14"]
[EventCountry "SUI"]
[SourceTitle "EXT 1997"]
[Source "ChessBase"]
[SourceDate "1996.11.15"]
[SourceVersion "1"]
[SourceVersionDate "1996.11.15"]
[SourceQuality "1"]
[WhiteTeam "Dominican Rep"]
[BlackTeam "Canada"]
[WhiteTeamCountry "DOM"]
[BlackTeamCountry "CAN"]

1. e4 c5 2. Nf3 d6 3. d4 cxd4 4. Nxd4 Nf6 5. Nc3 e6 6. g4 h6 7. Be3 a6 8. Qf3 Qc7 9. Qh3 Rg8 10. Qg3 Nc6 11. f3 Bd7 12. h4 g5 13. hxg5 hxg5 14. Qf2 Ne5 15. Qd2 b5 16. Bxg5 Be7 17. Be3 Bc6 18. g5 Nfd7 19. Nxc6 Nxf3+ 20. Kf2 Nxd2 0-1

[Event "Olympiad-25"]
[Site "Luzern"]
[Date "1982.11.07"]
[Round "8"]
[White "Hebert, Jean"]
[Black "Ree, Hans"]
[Result "1-0"]
[WhiteElo "2425"]
[BlackElo "2475"]
[PlyCount "73"]
[GameId "1114898405466112"]
[EventDate "1982.10.30"]
[EventType "team-swiss"]
[EventRounds "14"]
[EventCountry "SUI"]
[SourceTitle "EXT 1997"]
[Source "ChessBase"]
[SourceDate "1996.11.15"]
[SourceVersion "1"]
[SourceVersionDate "1996.11.15"]
[SourceQuality "1"]
[WhiteTeam "Canada"]
[BlackTeam "Netherlands"]
[WhiteTeamCountry "CAN"]
[BlackTeamCountry "NED"]

1. c4 g6 2. Nc3 Bg7 3. g3 Nf6 4. Bg2 O-O 5. e4 e5 6. Nge2 d6 7. O-O Nbd7 8. d3 c6 9. h3 a6 10. Be3 b5 11. Qd2 Rb8 12. b3 Re8 13. f4 exf4 14. gxf4 Nh5 15. Rac1 b4 16. Na4 f5 17. Rce1 Nf8 18. c5 dxc5 19. e5 Ne6 20. Bxc6 Bf8 21. Rc1 Bb7 22. Bxb7 Rxb7 23. Nxc5 Bxc5 24. Bxc5 g5 25. fxg5 Nxg5 26. Qe3 Rg7 27. Kh2 Qd5 28. Rxf5 Nf7 29. Qe4 Qxe4 30. dxe4 Rg5 31. Nd4 Ng7 32. e6 Nxf5 33. exf7+ Kxf7 34. Nxf5 Kg6 35. Be7 Rh5 36. Rc6+ Kf7 37. Bxb4 1-0

[Event "Olympiad-25"]
[Site "Luzern"]
[Date "1982.11.08"]
[Round "9"]
[White "Hebert, Jean"]
[Black "Seirawan, Yasser"]
[Result "0-1"]
[WhiteElo "2425"]
[BlackElo "2575"]
[PlyCount "82"]
[GameId "1114898406211584"]
[EventDate "1982.10.30"]
[EventType "team-swiss"]
[EventRounds "14"]
[EventCountry "SUI"]
[SourceTitle "EXT 1997"]
[Source "ChessBase"]
[SourceDate "1996.11.15"]
[SourceVersion "1"]
[SourceVersionDate "1996.11.15"]
[SourceQuality "1"]
[WhiteTeam "Canada"]
[BlackTeam "United States"]
[WhiteTeamCountry "CAN"]
[BlackTeamCountry "USA"]

1. e4 e6 2. d3 d5 3. Nd2 Nf6 4. Ngf3 c5 5. g3 b6 6. c3 Be7 7. Qa4+ Qd7 8. Qxd7+ Bxd7 9. e5 Ng8 10. a3 f5 11. h4 Nh6 12. d4 Nf7 13. Bd3 a5 14. b3 Na6 15. Nf1 h6 16. Ne3 g5 17. hxg5 hxg5 18. Rxh8+ Nxh8 19. g4 f4 20. Nc2 a4 21. bxa4 c4 22. Bh7 Kf7 23. Nb4 Ng6 24. Nxa6 Rxa6 25. Rb1 Bc6 26. a5 b5 27. a4 bxa4 28. Ra1 Kg7 29. Bxg6 Kxg6 30. Ba3 Bxa3 31. Rxa3 Rxa5 32. Nd2 Be8 33. f3 Ra7 34. Kf2 Rb7 35. Ke1 Kg7 36. Kd1 Kf8 37. Ke1 Ke7 38. Ra1 Rb3 39. Nxb3 cxb3 40. Rb1 Bg6 41. Rb2 Kd7 0-1

[Event "Olympiad-25"]
[Site "Luzern"]
[Date "1982.11.11"]
[Round "11"]
[White "Jamieson, Robert Murray"]
[Black "Hebert, Jean"]
[Result "1-0"]
[WhiteElo "2425"]
[BlackElo "2425"]
[PlyCount "71"]
[GameId "1114898407514112"]
[EventDate "1982.10.30"]
[EventType "team-swiss"]
[EventRounds "14"]
[EventCountry "SUI"]
[SourceTitle "EXT 1997"]
[Source "ChessBase"]
[SourceDate "1996.11.15"]
[SourceVersion "1"]
[SourceVersionDate "1996.11.15"]
[SourceQuality "1"]
[WhiteTeam "Australia"]
[BlackTeam "Canada"]
[WhiteTeamCountry "AUS"]
[BlackTeamCountry "CAN"]

1. e4 d6 2. d4 g6 3. Nc3 Bg7 4. f4 Nf6 5. Nf3 O-O 6. Bd3 Na6 7. O-O c5 8. d5 Rb8 9. h3 Nc7 10. a4 a6 11. a5 b5 12. axb6 Nb5 13. Na4 c4 14. Bxc4 Nxe4 15. Be3 e6 16. Bb3 exd5 17. Bxd5 Nf6 18. c4 Re8 19. Bf2 Nxd5 20. Qxd5 Bb7 21. Qd3 Be4 22. Qd2 Bxf3 23. gxf3 Qc8 24. cxb5 axb5 25. Nc3 Qxh3 26. Nd5 Qxf3 27. Ra3 Qh5 28. Re1 Qg4+ 29. Rg3 Qd7 30. Rge3 Re6 31. Rxe6 fxe6 32. Nc7 e5 33. Qd5+ Kh8 34. Qe6 Qxe6 35. Nxe6 Bf6 36. Rc1 1-0

[Event "Olympiad-25"]
[Site "Luzern"]
[Date "1982.11.13"]
[Round "13"]
[White "Smejkal, Jan"]
[Black "Hebert, Jean"]
[Result "0-1"]
[WhiteElo "2570"]
[BlackElo "2425"]
[PlyCount "94"]
[GameId "1114898409148416"]
[EventDate "1982.10.30"]
[EventType "team-swiss"]
[EventRounds "14"]
[EventCountry "SUI"]
[SourceTitle "EXT 1997"]
[Source "ChessBase"]
[SourceDate "1996.11.15"]
[SourceVersion "1"]
[SourceVersionDate "1996.11.15"]
[SourceQuality "1"]
[WhiteTeam "Czechoslovakia"]
[BlackTeam "Canada"]
[WhiteTeamCountry "CSR"]
[BlackTeamCountry "CAN"]

1. Nf3 Nf6 2. c4 c5 3. Nc3 g6 4. e4 d6 5. d4 cxd4 6. Nxd4 Bg7 7. Be2 Nc6 8. Be3 O-O 9. O-O a6 10. Qd2 Rb8 11. f3 Bd7 12. Nb3 Be6 13. Rfd1 Ne5 14. Nd5 b5 15. cxb5 axb5 16. Rac1 Bxd5 17. exd5 Qd7 18. Na5 Rfc8 19. b4 h5 20. Rxc8+ Rxc8 21. Nc6 Rxc6 22. dxc6 Qxc6 23. Rc1 Nc4 24. a4 d5 25. axb5 Qxb5 26. Bxc4 dxc4 27. Qd8+ Kh7 28. Qxe7 c3 29. Bd4 Qd3 30. Qe3 Qxe3+ 31. Bxe3 Nd5 32. Bc5 h4 33. Kf1 Be5 34. h3 g5 35. Rc2 Kg6 36. Ke2 Nf4+ 37. Ke3 Kf5 38. b5 Ke6 39. Ba7 Kd5 40. Kf2 Kc4 41. Be3 Kb3 42. Rc1 Nd3+ 43. Ke2 Nxc1+ 44. Bxc1 f6 45. g3 hxg3 46. f4 g2 47. Kf2 Bxf4 0-1

[Event "World op Major"]
[Site "New York"]
[Date "1983.06.??"]
[Round "?"]
[White "Hebert, Jean"]
[Black "Ftacnik, Lubomir"]
[Result "0-1"]
[WhiteElo "2430"]
[BlackElo "2560"]
[PlyCount "72"]
[GameId "1114898451509248"]
[EventDate "1983.06.27"]
[EventType "swiss"]
[EventRounds "8"]
[EventCountry "USA"]
[SourceTitle "EXT 2000"]
[Source "ChessBase"]
[SourceDate "1999.11.18"]
[SourceVersion "1"]
[SourceVersionDate "1999.11.18"]
[SourceQuality "1"]

1. g3 Nf6 2. Bg2 d5 3. Nf3 g6 4. b4 a5 5. b5 Bg7 6. Bb2 O-O 7. O-O Nbd7 8. Na3 Re8 9. c4 e5 10. cxd5 e4 11. Nd4 Nb6 12. f3 exf3 13. Nxf3 Bf5 14. Rc1 Nbxd5 15. Nc4 Qe7 16. e3 Bd3 17. Re1 Nb4 18. Nfe5 Be4 19. a3 Nbd5 20. Bh3 Nb6 21. Nxb6 cxb6 22. d3 Rad8 23. Qe2 Nh5 24. Nd7 Bxb2 25. Qxb2 Bxd3 26. Nxb6 Qg5 27. Qf2 Rd6 28. Nd7 Bxb5 29. Rc5 Rd5 30. Rc7 Bxd7 31. Bxd7 Re7 32. Rc8+ Kg7 33. Bh3 Rde5 34. Rc3 Nf6 35. Rb3 Ne4 36. Qb2 Nc5 0-1

[Event "British CF-70 Championship"]
[Site "Southport/ Merseyside"]
[Date "1983.08.08"]
[Round "1"]
[White "Hebert, Jean"]
[Black "Lane, Gary William"]
[Result "1-0"]
[WhiteElo "2430"]
[BlackElo "2270"]
[PlyCount "83"]
[GameId "1107656858791936"]
[EventDate "1983.08.08"]
[EventType "swiss"]
[EventRounds "11"]
[EventCountry "ENG"]
[SourceTitle "EXT 1999"]
[Source "ChessBase"]
[SourceDate "1998.11.10"]
[SourceVersion "1"]
[SourceVersionDate "1998.11.10"]
[SourceQuality "1"]

1. Nf3 f5 2. g3 Nf6 3. Bg2 d6 4. d4 e6 5. O-O Be7 6. Nbd2 O-O 7. Re1 Nc6 8. e4 fxe4 9. Nxe4 Nxe4 10. Rxe4 e5 11. dxe5 dxe5 12. Qxd8 Rxd8 13. c3 Bf6 14. Re1 Be6 15. Be3 Bd5 16. Red1 Ne7 17. Ng5 Bxg2 18. Kxg2 Nd5 19. Ne6 Nxe3+ 20. fxe3 Rd6 21. Nxc7 Rad8 22. Rxd6 Rxd6 23. Rf1 Bd8 24. Nb5 Rb6 25. Nxa7 Rxb2+ 26. Rf2 Rb1 27. Nc8 Rc1 28. Nd6 Rxc3 29. Kf3 b6 30. Ke4 Bg5 31. Re2 Kf8 32. h4 Be7 33. Rf2+ Kg8 34. Rd2 g6 35. Nb5 Rc5 36. Rd5 Rc2 37. Kxe5 Rxa2 38. Ke6 Bf8 39. e4 Rg2 40. Nc7 Rxg3 41. Ne8 g5 42. Nf6+ 1-0

[Event "British CF-70 Championship"]
[Site "Southport/ Merseyside"]
[Date "1983.08.09"]
[Round "2"]
[White "Davies, Nigel Rodney"]
[Black "Hebert, Jean"]
[Result "1-0"]
[WhiteElo "2370"]
[BlackElo "2430"]
[PlyCount "83"]
[GameId "1114898467168256"]
[EventDate "1983.08.08"]
[EventType "swiss"]
[EventRounds "11"]
[EventCountry "ENG"]
[SourceTitle "EXT 1999"]
[Source "ChessBase"]
[SourceDate "1998.11.10"]
[SourceVersion "1"]
[SourceVersionDate "1998.11.10"]
[SourceQuality "1"]

1. Nf3 g6 2. d4 Bg7 3. e4 d6 4. c3 Nd7 5. Bd3 e5 6. O-O Ngf6 7. Re1 O-O 8. Bg5 h6 9. Bh4 g5 10. Bg3 Nh5 11. dxe5 dxe5 12. Nbd2 Nf4 13. Bf1 Nc5 14. b4 Nd7 15. Nc4 Re8 16. a4 Qe7 17. a5 a6 18. Ra2 Nf8 19. Rd2 N8g6 20. Ne3 Be6 21. h3 Rad8 22. Qc2 h5 23. Red1 Rxd2 24. Nxd2 g4 25. hxg4 hxg4 26. Nb3 Qg5 27. Nc5 Bc8 28. Bc4 Nf8 29. Nf5 N8e6 30. Qa4 Rf8 31. Nd7 Bxd7 32. Rxd7 Bf6 33. Qd1 Qg6 34. Qxg4 Qxg4 35. Nh6+ Kg7 36. Nxg4 Ng5 37. Nxf6 Kxf6 38. Bh4 Nfe6 39. f3 Re8 40. Kf2 Kg6 41. Bd5 b6 42. Bxg5 1-0

[Event "British CF-70 Championship"]
[Site "Southport/ Merseyside"]
[Date "1983.08.10"]
[Round "3"]
[White "Hebert, Jean"]
[Black "Hempson, Peter W"]
[Result "0-1"]
[WhiteElo "2430"]
[BlackElo "2245"]
[PlyCount "86"]
[GameId "1107656858845184"]
[EventDate "1983.08.08"]
[EventType "swiss"]
[EventRounds "11"]
[EventCountry "ENG"]
[SourceTitle "EXT 1999"]
[Source "ChessBase"]
[SourceDate "1998.11.10"]
[SourceVersion "1"]
[SourceVersionDate "1998.11.10"]
[SourceQuality "1"]

1. Nf3 Nf6 2. c4 c5 3. Nc3 Nc6 4. g3 g6 5. Bg2 Bg7 6. d4 cxd4 7. Nxd4 O-O 8. O-O a6 9. b3 Nxd4 10. Qxd4 d5 11. cxd5 Nxd5 12. Qxd5 Bxc3 13. Bh6 Qxd5 14. Bxd5 Rd8 15. Rac1 Bb2 16. Rxc8 Raxc8 17. Bxb7 Rc7 18. Bxa6 Ra7 19. Bc4 Rxa2 20. Kg2 Ra1 21. Rxa1 Bxa1 22. h4 Bc3 23. Be3 Bb4 24. Kf3 Kg7 25. g4 f6 26. Ke4 Rd1 27. f3 Kf8 28. Bd3 Ke8 29. Kd5 Kd7 30. h5 gxh5 31. gxh5 Bd2 32. Bc5 e6+ 33. Kd4 f5 34. Bb5+ Kc7 35. Ke5 Bb4 36. Bxb4 Rd5+ 37. Kxe6 Rxb5 38. Bd2 Kc6 39. b4 Kc7 40. h6 Kc6 41. Kf6 Kd6 42. Bc3 Kd5 43. Kxf5 Kc4+ {Default} 0-1

[Event "British CF-70 Championship"]
[Site "Southport/ Merseyside"]
[Date "1983.08.12"]
[Round "5"]
[White "Hebert, Jean"]
[Black "Large, Peter G"]
[Result "1/2-1/2"]
[WhiteElo "2430"]
[BlackElo "2310"]
[PlyCount "124"]
[GameId "1107656858894336"]
[EventDate "1983.08.08"]
[EventType "swiss"]
[EventRounds "11"]
[EventCountry "ENG"]
[SourceTitle "EXT 1999"]
[Source "ChessBase"]
[SourceDate "1998.11.10"]
[SourceVersion "1"]
[SourceVersionDate "1998.11.10"]
[SourceQuality "1"]

1. c4 e6 2. Nf3 Nf6 3. g3 d5 4. b3 Be7 5. Bg2 O-O 6. O-O c5 7. Bb2 Nc6 8. e3 b6 9. Qe2 Bb7 10. d3 Rc8 11. Nbd2 Rc7 12. Rfd1 Qa8 13. a3 Rd8 14. Rac1 Rcd7 15. cxd5 Nxd5 16. e4 Nf6 17. Nc4 Rc8 18. h4 Rdd8 19. Bh3 b5 20. Nce5 Nxe5 21. Nxe5 Qb8 22. Nxf7 Kxf7 23. e5 Nd7 24. Qh5+ Kg8 25. Bxe6+ Kh8 26. Bf5 Nf8 27. e6 Rc7 28. Re1 Bd6 29. e7 Bxe7 30. Be5 Bf6 31. Bxc7 Qxc7 32. Bxh7 Bd4 33. Be4+ Kg8 34. Qf3 Bxe4 35. Rxe4 Nh7 36. Rce1 Nf6 37. Re7 Qa5 38. h5 Qd2 39. Qf5 Rf8 40. R1e2 Qd1+ 41. Kg2 Qxb3 42. h6 Qd5+ 43. Qxd5+ Nxd5 44. Rd7 Nc3 45. hxg7 Bxg7 46. Ree7 Bf6 47. Re6 a5 48. Rc6 Rf7 49. Rxf7 Kxf7 50. Rxc5 Bd4 51. Rc8 Nb1 52. Kf3 Nxa3 53. Ke4 Bxf2 54. Rc7+ Ke6 55. g4 b4 56. Rb7 Nb1 57. d4 Nd2+ 58. Kd3 Nb3 59. g5 Bxd4 60. Kc4 Nc5 61. Rb5 Be3 62. Rxa5 Ne4 1/2-1/2

[Event "British CF-70 Championship"]
[Site "Southport/ Merseyside"]
[Date "1983.08.16"]
[Round "8"]
[White "Cummings, David"]
[Black "Hebert, Jean"]
[Result "1-0"]
[WhiteElo "2360"]
[BlackElo "2430"]
[PlyCount "59"]
[GameId "1114898467729408"]
[EventDate "1983.08.08"]
[EventType "swiss"]
[EventRounds "11"]
[EventCountry "ENG"]
[SourceTitle "EXT 1999"]
[Source "ChessBase"]
[SourceDate "1998.11.10"]
[SourceVersion "1"]
[SourceVersionDate "1998.11.10"]
[SourceQuality "1"]

1. Nf3 Nf6 2. c4 g6 3. Nc3 Bg7 4. e4 d6 5. d4 O-O 6. Be2 e5 7. O-O Nbd7 8. Re1 a5 9. Bf1 h6 10. dxe5 dxe5 11. Qc2 c6 12. Na4 Nh5 13. Be3 Nf4 14. Rad1 Qf6 15. c5 Qe7 16. Rd6 b5 17. Nc3 Nb8 18. h3 a4 19. Bxf4 exf4 20. e5 Na6 21. Nd4 Nxc5 22. Nxc6 Qg5 23. Nd5 Nb7 24. Nce7+ Kh7 25. h4 Qxh4 26. Rxg6 fxg6 27. Qxg6+ Kh8 28. Bd3 Bf5 29. Bxf5 Rxf5 30. Qxg7+ 1-0

[Event "British CF-70 Championship"]
[Site "Southport/ Merseyside"]
[Date "1983.08.17"]
[Round "9"]
[White "Hebert, Jean"]
[Black "Conquest, Stuart"]
[Result "1/2-1/2"]
[WhiteElo "2430"]
[BlackElo "2255"]
[PlyCount "90"]
[GameId "1114898467815424"]
[EventDate "1983.08.08"]
[EventType "swiss"]
[EventRounds "11"]
[EventCountry "ENG"]
[SourceTitle "EXT 1999"]
[Source "ChessBase"]
[SourceDate "1998.11.10"]
[SourceVersion "1"]
[SourceVersionDate "1998.11.10"]
[SourceQuality "1"]

1. c4 e5 2. Nc3 Nc6 3. Nf3 f5 4. d4 e4 5. Ng5 Bb4 6. Nh3 Nf6 7. e3 Bxc3+ 8. bxc3 d6 9. Nf4 Ne7 10. Ba3 c6 11. h4 Ng6 12. g3 Nxf4 13. gxf4 O-O 14. c5 d5 15. Qa4 Be6 16. Rb1 Qc7 17. Be2 Rfb8 18. Bb4 b6 19. Kd2 Nd7 20. Ba3 b5 21. Qc2 a5 22. Bb2 Nf8 23. a3 Bc8 24. Ra1 Ba6 25. Ke1 Qc8 26. Qd2 Ne6 27. Kf1 Nc7 28. Ke1 Qe6 29. h5 Qh6 30. Kd1 a4 31. Kc2 Ne6 32. Rag1 Ra7 33. Bc1 Bc8 34. Qe1 Kf8 35. f3 exf3 36. Bxf3 Rf7 37. Bd2 Qf6 38. Rg2 Qd8 39. h6 g6 40. Qg1 Ke7 41. Be1 Qg8 42. Bh4+ Kd7 43. Qb1 b4 44. cxb4 Ba6 45. Be2 Bxe2 1/2-1/2

[Event "British CF-70 Championship"]
[Site "Southport/ Merseyside"]
[Date "1983.08.18"]
[Round "10"]
[White "Knott, Simon JB"]
[Black "Hebert, Jean"]
[Result "1/2-1/2"]
[WhiteElo "2250"]
[BlackElo "2430"]
[PlyCount "52"]
[GameId "1114898467950592"]
[EventDate "1983.08.08"]
[EventType "swiss"]
[EventRounds "11"]
[EventCountry "ENG"]
[SourceTitle "EXT 1999"]
[Source "ChessBase"]
[SourceDate "1998.11.10"]
[SourceVersion "1"]
[SourceVersionDate "1998.11.10"]
[SourceQuality "1"]

1. c4 e5 2. Nc3 Bb4 3. Nf3 Bxc3 4. dxc3 Qe7 5. g3 d6 6. Bg2 Nf6 7. O-O Nbd7 8. Nh4 Nf8 9. e4 c6 10. Nf5 Bxf5 11. exf5 N8d7 12. a4 O-O 13. a5 e4 14. Re1 Rfe8 15. Bg5 Qe5 16. Bf4 Qxf5 17. Qxd6 Nc5 18. Rad1 Re6 19. Qd2 Nb3 20. Qc2 Nxa5 21. b3 Rae8 22. Rd6 Rxd6 23. Bxd6 b6 24. f4 Nb7 25. Be5 Nc5 26. Bxf6 Qxf6 1/2-1/2

[Event "British CF-70 Championship"]
[Site "Southport/ Merseyside"]
[Date "1983.08.19"]
[Round "11"]
[White "Hebert, Jean"]
[Black "Howell, James C"]
[Result "1-0"]
[WhiteElo "2430"]
[BlackElo "2285"]
[PlyCount "81"]
[GameId "1114898468024320"]
[EventDate "1983.08.08"]
[EventType "swiss"]
[EventRounds "11"]
[EventCountry "ENG"]
[SourceTitle "EXT 1999"]
[Source "ChessBase"]
[SourceDate "1998.11.10"]
[SourceVersion "1"]
[SourceVersionDate "1998.11.10"]
[SourceQuality "1"]

1. d4 Nf6 2. Nf3 g6 3. Bg5 Ne4 4. Bh4 Bg7 5. Nbd2 d5 6. e3 c5 7. c3 Nd6 8. dxc5 Nf5 9. Bg5 Qc7 10. Nb3 h6 11. Bf4 e5 12. Bg3 Nxg3 13. hxg3 Be6 14. Rc1 O-O 15. c4 Rd8 16. cxd5 Bxd5 17. Qc2 Bxb3 18. axb3 e4 19. Nd2 Nc6 20. Bc4 Kh8 21. Nxe4 Qa5+ 22. Kf1 Ne5 23. Nd6 Rd7 24. Be2 f5 25. Rh4 Nf7 26. Nxf7+ Rxf7 27. c6 Rc8 28. b4 Qb6 29. Rc4 Kh7 30. Bf3 bxc6 31. Bxc6 Rd8 32. b3 Rf6 33. Bf3 Rfd6 34. Rc7 R6d7 35. Rxd7 Rxd7 36. Qc4 Be5 37. Bc6 Rc7 38. b5 Bg7 39. Rd1 h5 40. Qe6 Qc5 41. Be8 1-0

[Event "Ramsgate Regency Masters 6th"]
[Site "Ramsgate"]
[Date "1984.??.??"]
[Round "1"]
[White "Hebert, Jean"]
[Black "Teichmann, Erik Oskar Michael"]
[Result "1-0"]
[WhiteElo "2395"]
[BlackElo "2285"]
[PlyCount "59"]
[GameId "1114898593280000"]
[EventDate "1984.12.??"]
[EventType "swiss"]
[EventRounds "9"]
[EventCountry "ENG"]
[SourceTitle "EXT 1999"]
[Source "ChessBase"]
[SourceDate "1998.11.10"]
[SourceVersion "1"]
[SourceVersionDate "1998.11.10"]
[SourceQuality "1"]

1. Nf3 d5 2. d4 c6 3. e3 Bg4 4. c4 e6 5. Qb3 Qb6 6. Ne5 Bf5 7. Nc3 Nf6 8. c5 Qc7 9. Be2 Nbd7 10. f4 Nxe5 11. fxe5 Nd7 12. O-O f6 13. e4 dxe4 14. exf6 Nxf6 15. Bf4 Qd7 16. Nb5 Nd5 17. Be5 b6 18. Nd6+ Bxd6 19. Bxd6 Ne7 20. g4 Bg6 21. Rf2 Nd5 22. Raf1 Qb7 23. Qa3 b5 24. Qa5 h5 25. a4 hxg4 26. Rf8+ Rxf8 27. Rxf8+ Kd7 28. Rxa8 Qxa8 29. axb5 Ke8 30. bxc6 1-0

[Event "Ramsgate Regency Masters 6th"]
[Site "Ramsgate"]
[Date "1984.??.??"]
[Round "6"]
[White "Hanreck, Alan E"]
[Black "Hebert, Jean"]
[Result "1/2-1/2"]
[WhiteElo "2290"]
[BlackElo "2395"]
[PlyCount "56"]
[GameId "1114898593685504"]
[EventDate "1984.12.??"]
[EventType "swiss"]
[EventRounds "9"]
[EventCountry "ENG"]
[SourceTitle "EXT 1999"]
[Source "ChessBase"]
[SourceDate "1998.11.10"]
[SourceVersion "1"]
[SourceVersionDate "1998.11.10"]
[SourceQuality "1"]

1. e4 c5 2. Nf3 e6 3. Nc3 d6 4. d4 cxd4 5. Qxd4 Nc6 6. Qe3 Nf6 7. b3 Be7 8. Bb2 O-O 9. O-O-O a6 10. h3 Qc7 11. g4 Re8 12. g5 Nd7 13. h4 b5 14. h5 Nde5 15. Nh2 Bb7 16. f4 Nd7 17. Ng4 Bf8 18. Rg1 g6 19. hxg6 fxg6 20. Qh3 Bg7 21. Rh1 Nf8 22. Nh6+ Bxh6 23. Qxh6 Rac8 24. Kb1 b4 25. Na4 Ne5 26. Bd3 Nxd3 27. cxd3 e5 28. Rc1 Qa5 1/2-1/2

[Event "Ramsgate Regency Masters 6th"]
[Site "Ramsgate"]
[Date "1984.??.??"]
[Round "7"]
[White "Hebert, Jean"]
[Black "Janssen, Han"]
[Result "1-0"]
[WhiteElo "2395"]
[BlackElo "2285"]
[PlyCount "93"]
[GameId "1114898593771520"]
[EventDate "1984.12.??"]
[EventType "swiss"]
[EventRounds "9"]
[EventCountry "ENG"]
[SourceTitle "EXT 1999"]
[Source "ChessBase"]
[SourceDate "1998.11.10"]
[SourceVersion "1"]
[SourceVersionDate "1998.11.10"]
[SourceQuality "1"]

1. c4 e5 2. Nc3 Nf6 3. g3 Bb4 4. Bg2 O-O 5. e4 Bxc3 6. dxc3 b6 7. Nh3 Bb7 8. f3 a5 9. b3 a4 10. b4 Qe7 11. Be3 d6 12. Nf2 Nbd7 13. Qe2 Ba6 14. b5 Bb7 15. Nd3 c6 16. bxc6 Bxc6 17. Nb4 Rfc8 18. O-O Nc5 19. Rab1 Bd7 20. Rfd1 Be6 21. Nd5 Bxd5 22. cxd5 a3 23. Rdc1 Qc7 24. Bf1 g6 25. Qc2 Nh5 26. Bb5 Rf8 27. Bh6 Ng7 28. g4 f5 29. gxf5 gxf5 30. Kh1 fxe4 31. Rg1 Rf7 32. Rg5 Ra7 33. Be8 Re7 34. Rbg1 exf3 35. Bxg7 Rxg7 36. Qf5 e4 37. Bh5 h6 38. Rxg7+ Qxg7 39. Rxg7+ Rxg7 40. Bxf3 exf3 41. Qxf3 Nd7 42. Qe3 Kh7 43. Qe6 Nc5 44. Qxd6 Ne4 45. Qf4 Nxc3 46. Qf5+ Rg6 47. d6 1-0

[Event "Ramsgate Regency Masters 6th"]
[Site "Ramsgate"]
[Date "1984.??.??"]
[Round "8"]
[White "Ravikumar, Vaidyanathan"]
[Black "Hebert, Jean"]
[Result "1/2-1/2"]
[WhiteElo "2415"]
[BlackElo "2395"]
[PlyCount "57"]
[GameId "1114898593890304"]
[EventDate "1984.12.??"]
[EventType "swiss"]
[EventRounds "9"]
[EventCountry "ENG"]
[SourceTitle "EXT 1999"]
[Source "ChessBase"]
[SourceDate "1998.11.10"]
[SourceVersion "1"]
[SourceVersionDate "1998.11.10"]
[SourceQuality "1"]

1. d4 Nf6 2. c4 e6 3. Nc3 Bb4 4. e3 c5 5. a3 Bxc3+ 6. bxc3 Nc6 7. Bd3 d6 8. Ne2 e5 9. e4 h6 10. O-O O-O 11. d5 Ne7 12. f3 Nh7 13. Ra2 Ng6 14. Be3 Bd7 15. Kh1 Qe7 16. a4 Rab8 17. Qb1 Qe8 18. a5 Nf6 19. Rb2 Bc8 20. g4 Nh7 21. Qc1 Qd8 22. a6 b6 23. Ra2 Ng5 24. Qe1 Qf6 25. Qg3 Nh7 26. h3 Re8 27. Bc1 Ngf8 28. h4 g5 29. h5 1/2-1/2

[Event "Ramsgate Regency Masters 6th"]
[Site "Ramsgate"]
[Date "1984.??.??"]
[Round "9"]
[White "Hebert, Jean"]
[Black "Ady, Jonathan James"]
[Result "1-0"]
[WhiteElo "2395"]
[BlackElo "2260"]
[PlyCount "51"]
[GameId "1114898593943552"]
[EventDate "1984.12.??"]
[EventType "swiss"]
[EventRounds "9"]
[EventCountry "ENG"]
[SourceTitle "EXT 1999"]
[Source "ChessBase"]
[SourceDate "1998.11.10"]
[SourceVersion "1"]
[SourceVersionDate "1998.11.10"]
[SourceQuality "1"]

1. c4 Nf6 2. Nc3 g6 3. g3 Bg7 4. Bg2 O-O 5. d3 c6 6. e4 d6 7. Nge2 a6 8. h3 b5 9. Be3 Bb7 10. O-O Nbd7 11. Rc1 Qa5 12. f4 Rab8 13. b3 e5 14. Qc2 b4 15. Nd1 Qd8 16. f5 d5 17. g4 dxe4 18. dxe4 Re8 19. Ng3 h5 20. g5 Nh7 21. h4 Bf8 22. Qf2 Qe7 23. Nb2 Rbd8 24. Na4 c5 25. Bh3 Bc6 26. Rcd1 1-0

[Event "Christmas Congress 1984/85-60 Premier"]
[Site "Hastings"]
[Date "1984.12.31"]
[Round "3"]
[White "Hebert, Jean"]
[Black "Abramovic, Bosko"]
[Result "1-0"]
[WhiteElo "2395"]
[BlackElo "2495"]
[PlyCount "57"]
[GameId "1114898592632832"]
[EventDate "1984.12.29"]
[EventType "tourn"]
[EventRounds "13"]
[EventCountry "ENG"]
[EventCategory "9"]
[SourceTitle "MCD"]
[Source "ChessBase"]
[SourceVersion "1"]
[SourceQuality "1"]

1. Nf3 d5 2. c4 e6 3. d4 Nf6 4. Nc3 Be7 5. Bg5 h6 6. Bxf6 Bxf6 7. e3 O-O 8. Qb3 c6 9. Rd1 Nd7 10. Bd3 Qb6 11. Qc2 dxc4 12. Bxc4 e5 13. O-O exd4 14. exd4 Qa5 15. Ne4 Be7 16. d5 cxd5 17. Rxd5 Qb6 18. Rfd1 Nb8 19. Rd6 Nc6 20. Rxh6 Bf5 21. Nf6+ Bxf6 22. Qxf5 gxh6 23. Qxf6 Na5 24. Rd6 Nxc4 25. Rxb6 axb6 26. Qxh6 Rfd8 27. h4 Rd1+ 28. Kh2 Rxa2 29. Ng5 1-0

[Event "Christmas Congress 1984/85-60 Premier"]
[Site "Hastings"]
[Date "1985.01.01"]
[Round "4"]
[White "Flear, Glenn C"]
[Black "Hebert, Jean"]
[Result "1/2-1/2"]
[WhiteElo "2455"]
[BlackElo "2395"]
[PlyCount "57"]
[GameId "1114898592661504"]
[EventDate "1984.12.29"]
[EventType "tourn"]
[EventRounds "13"]
[EventCountry "ENG"]
[EventCategory "9"]
[SourceTitle "MCD"]
[Source "ChessBase"]
[SourceVersion "1"]
[SourceQuality "1"]

1. d4 Nf6 2. c4 e6 3. Nc3 Bb4 4. e3 c5 5. Nge2 d5 6. a3 Bxc3+ 7. Nxc3 cxd4 8. exd4 dxc4 9. Bxc4 Nc6 10. Be3 O-O 11. O-O h6 12. Qd3 Ne7 13. Bf4 Bd7 14. Ba2 Bc6 15. Rae1 Nfd5 16. Bb1 Ng6 17. Bc1 Qd7 18. h4 f5 19. Qg3 Rf6 20. h5 Nge7 21. Re5 Rc8 22. Rfe1 Nxc3 23. bxc3 Bd5 24. Bf4 Nc6 25. R5e2 Na5 26. Be5 Rf7 27. Bf4 Rf6 28. Be5 Rf7 29. Bf4 1/2-1/2